Statystyki dla Quiz o Nauru

Kliknij tutaj aby rozwiązać quiz!

Ogólne statystyki

  • Ten quiz został rozwiązany 158 razy
  • Średni wynik to 7 z 13

Statystyki odpowiedzi

WskazówkaOdpowiedź% Poprawnych
Nauru to trzeci ________ kraj na świecie, ustępując tylko Watykanowi i MonakoNajmniejszy
92%
Liczba wysp, z których składa się Nauru1
78%
Kraj, który najechał w 1942 r., Porywając większość dorosłych mężczyzn
do pracy przymusowej na wyspach Chuuk
Japonia
70%
Podregion, do którego należy NauruMikronezja
69%
61% ludzi z Nauru są ____, najwyższy współczynnik na świecieOtyli
68%
StolicaYaren
67%
Choroba, która zabiła około 18% populacji w 1920 rokuHiszpanka
54%
Co przedstawia żółta linia na fladzeRównik
54%
Dawna nazwa Nauru (celowy
brak tlumaczenia)
{Pleasant} Island
33%
Rodzaj wydobycia, które zniszczyło około 80% powierzchni NauruKopalnia {odkrywkowa}
33%
Zaburzenie metaboliczne, które dotyka 40% populacji, najwyższe na świecieCukrzyca
28%
Substancja, dzięki wydobyciu której Nauru było
(krótkotrwale) najbogatszym państwem na świecie
Fosforan
25%
W latach 2001–2018 Australia zatrzymywała tego typu ludzi na NauruAzylant
19%

Rozkład punktacji

Percentyl według liczby udzielonych odpowiedzi

Procent ludzi z każdym wynikiem

Twoja historia wyników

Nie rozwiązałeś tego quizu